Нормален изглед
MARC изглед
- Биолчев, Боян Асенов
Вход 01. Лично име
001 - Контролен номер на записа
- Контролно поле: 365228
003 - Код на организацията, даваща контролен номер
- Контролно поле: BLK
005 - Дата и час на последна промяна на записа
- Контролно поле: 20230630111017.0
008 - Данни с фиксирана дължина – обща информация
- Данни с фиксирана дължина : 180422|| aca||aabn | a|a d
100 ## - ИМЕ НА ЛИЦЕ -ПЪРВИЧНА ИНТЕЛЕКТУАЛНА ОТГОВОРНОСТ
- Лично име: Биолчев, Боян Асенов
- Звания и думи, свързани с автора: Чичо Боби (псевдоним)
- Дати, свързани с автора: 1942 -
942 ## - Системна служебна употреба
- Koha auth type: PERSO_NAME